[Event "Madrid Chamartin op 1st"]
[Site "Madrid"]
[Date "2012.09.14"]
[Round "8"]
[White "Garcia Salamero, Hector"]
[Black "Rodriguez Perez, David Antonio"]
[Result "1/2-1/2"]
[WhiteElo "1868"]
[BlackElo "2019"]
[PlyCount "63"]
[EventDate "2012.09.09"]
[EventType "swiss"]
[EventRounds "9"]
[EventCountry "ESP"]
[SourceTitle "CBM 150 Extra"]
[Source "ChessBase"]
[SourceDate "2012.10.19"]
[SourceVersion "1"]
[SourceVersionDate "2012.10.19"]
[SourceQuality "1"]

1. e4 c5 2. Nf3 d6 3. d4 cxd4 4. Nxd4 Nf6 5. Nc3 g6 6. g3 Bg7 7. Bg2 0-0 8. 0-0 Nc6 9. Nde2 Rb8 10. a4 a6 11. b3 b5 12. axb5 axb5 13. Bb2 Qb6 14. Qd2 Bb7 15. Nd5 Nxd5 16. Bxg7 Kxg7 17. exd5 Ne5 18. Qd4 Qxd4 19. Nxd4 Rfc8 20. f4 Ng4 21. Rfe1 Kf8 22. Nc6 Bxc6 23. dxc6 Rc7 24. c4 bxc4 25. bxc4 e6 26. Rab1 Rxb1 27. Rxb1 Ke7 28. Rb7 Kd8 29. Rb8+ Ke7 30. Rb7 Kd8 31. Rb8+ Ke7 32. Rb7 1/2-1/2

[Event "Madrid Chamartin op 1st"]
[Site "Madrid"]
[Date "2012.09.13"]
[Round "6"]
[White "Garcia Salamero, Hector"]
[Black "Ginesta Caballero, Olga Lucia"]
[Result "1-0"]
[WhiteElo "1868"]
[BlackElo "2099"]
[PlyCount "107"]
[EventDate "2012.09.09"]
[EventType "swiss"]
[EventRounds "9"]
[EventCountry "ESP"]
[SourceTitle "CBM 150 Extra"]
[Source "ChessBase"]
[SourceDate "2012.10.19"]
[SourceVersion "1"]
[SourceVersionDate "2012.10.19"]
[SourceQuality "1"]

1. e4 c5 2. Nf3 g6 3. d4 cxd4 4. Nxd4 Nc6 5. g3 Bg7 6. Ne2 Nf6 7. Bg2 0-0 8. Nbc3 d6 9. 0-0 Bg4 10. h3 Bd7 11. Be3 Ne8 12. f4 f5 13. Qd2 Nf6 14. exf5 gxf5 15. Rfe1 Rc8 16. Rad1 Qa5 17. Nd4 Rfe8 18. Nb3 Qd8 19. Bf2 Kh8 20. Kh2 Na5 21. Nxa5 Qxa5 22. Nd5 Qxd2 23. Rxd2 Nxd5 24. Bxd5 e5 25. Bxa7 e4 26. c3 Bc6 27. Be3 b5 28. a3 Bd7 29. Red1 h6 30. Bf7 Bf8 31. Bxe8 Rxe8 32. Kg1 h5 33. Kf2 Be6 34. Bd4+ Kh7 35. Ke3 d5 36. Bb6 Rb8 37. Bc7 Rb7 38. Be5 Bc5+ 39. Ke2 Rd7 40. Bd4 Bf8 41. Ra1 Bh6 42. Be3 Rd8 43. a4 Ra8 44. a5 Ra6 45. Bb6 Bf8 46. Rad1 Kg6 47. b4 Bg7 48. Rxd5 Bxc3 49. Rd6 Kf7 50. Bc5 Bc4+ 51. Ke3 Ra8 52. Rd8 Ra6 53. R1d7+ Ke6 54. Rd6+ 1-0

[Event "Madrid Chamartin op 1st"]
[Site "Madrid"]
[Date "2012.09.12"]
[Round "5"]
[White "Martin Martin, Luis Vicente"]
[Black "Garcia Salamero, Hector"]
[Result "1/2-1/2"]
[WhiteElo "2069"]
[BlackElo "1868"]
[PlyCount "76"]
[EventDate "2012.09.09"]
[EventType "swiss"]
[EventRounds "9"]
[EventCountry "ESP"]
[SourceTitle "CBM 150 Extra"]
[Source "ChessBase"]
[SourceDate "2012.10.19"]
[SourceVersion "1"]
[SourceVersionDate "2012.10.19"]
[SourceQuality "1"]

1. d4 Nf6 2. Bf4 g6 3. Nf3 Bg7 4. e3 d6 5. h3 0-0 6. Be2 Nc6 7. 0-0 Nd7 8. Nc3 e5 9. Bg3 Nb6 10. a4 a5 11. dxe5 Nxe5 12. Nxe5 dxe5 13. Qxd8 Rxd8 14. Nb5 Bf5 15. Rfc1 c6 16. Nc3 Nd5 17. Nxd5 Rxd5 18. Bc4 Rd2 19. Bb3 Rad8 20. Kf1 R8d7 21. Rab1 b6 22. f3 c5 23. Be1 R2d6 24. Bc4 Bh6 25. Ke2 Kf8 26. g4 Be6 27. Bxe6 Rxe6 28. Rd1 Red6 29. e4 Ke7 30. Rxd6 Rxd6 31. Rd1 Rxd1 32. Kxd1 Bf4 33. Ke2 Kd6 34. Kd3 Kc6 35. Kc4 Bc1 36. b3 Bf4 37. Bh4 Bh2 38. Bf6 Bf4 1/2-1/2

[Event "Madrid Oliver Gonzalez Memorial-B 3rd"]
[Site "Madrid"]
[Date "2012.09.01"]
[Round "1"]
[White "Garcia Salamero, Hector"]
[Black "Martin Rodriguez, Jose Luis"]
[Result "1-0"]
[WhiteElo "1868"]
[BlackElo "1431"]
[PlyCount "55"]
[EventDate "2012.09.01"]
[EventType "swiss"]
[EventRounds "9"]
[EventCountry "ESP"]
[SourceTitle "CBM 150 Extra"]
[Source "ChessBase"]
[SourceDate "2012.10.19"]
[SourceVersion "1"]
[SourceVersionDate "2012.10.19"]
[SourceQuality "1"]

1. e4 e6 2. d4 d5 3. e5 c5 4. c3 Nc6 5. Nf3 Qb6 6. a3 cxd4 7. cxd4 Bd7 8. b4 Rc8 9. Be3 Nge7 10. Nbd2 Nf5 11. Nb3 Nxe3 12. fxe3 a6 13. Bd3 Ne7 14. Nc5 Bb5 15. 0-0 Bxd3 16. Qxd3 Rc7 17. Rac1 Rc6 18. e4 g6 19. Ng5 f5 20. exf6 Nc8 21. exd5 exd5 22. Rce1+ Kd8 23. Nf7+ Kc7 24. Nxh8 Rxf6 25. Nf7 Bg7 26. Qg3+ Kc6 27. Rxf6+ Bxf6 28. Re6+ 1-0

[Event "ESP-ch U18"]
[Site "Salobrena"]
[Date "2012.07.24"]
[Round "3"]
[White "Sanchez Garcia, Julio"]
[Black "Garcia Salamero, Hector"]
[Result "1-0"]
[WhiteElo "2108"]
[BlackElo "1880"]
[PlyCount "94"]
[EventDate "2012.07.23"]
[EventType "swiss"]
[EventRounds "9"]
[EventCountry "ESP"]
[SourceTitle "EXT 2014"]
[Source "ChessBase"]
[SourceDate "2013.11.20"]
[SourceVersion "1"]
[SourceVersionDate "2013.11.20"]
[SourceQuality "1"]

1. d4 Nf6 2. c4 g6 3. Nc3 Bg7 4. e4 d6 5. Nf3 0-0 6. Be2 Na6 7. 0-0 c5 8. d5 Nc7 9. h3 e5 10. dxe6 Nxe6 11. Re1 Qb6 12. Rb1 Bd7 13. Be3 Rad8 14. Bf1 Rfe8 15. b3 Bc6 16. Qc2 a5 17. Red1 Qc7 18. a3 Nd7 19. Nd5 Qc8 20. Qd2 b6 21. Re1 Qb7 22. g3 Ne5 23. Nh2 Bxd5 24. exd5 Nd4 25. Bxd4 cxd4 26. f4 Nd7 27. Nf3 Nc5 28. Nxd4 Ne4 29. Qd3 Bxd4+ 30. Qxd4 Nxg3 31. Bd3 Qd7 32. Kh2 Nh5 33. Rf1 Qc7 34. b4 axb4 35. axb4 Ra8 36. Rb2 Ra3 37. f5 Qd8 38. Rg2 Qd7 39. Rfg1 Qe7 40. fxg6 hxg6 41. Bxg6 fxg6 42. Rxg6+ Kh7 43. Re6 Ra2+ 44. Kh1 Qf8 45. Qe4+ Kh8 46. Rxe8 Ra6 47. Ra1 Ra8 1-0

[Event "Madrid-ch prel-B"]
[Site "Madrid"]
[Date "2012.02.24"]
[Round "8.4"]
[White "Rodriguez del Pino, Daniel"]
[Black "Garcia Salamero, Hector"]
[Result "0-1"]
[WhiteElo "1913"]
[BlackElo "1837"]
[PlyCount "80"]
[EventDate "2012.02.02"]
[EventType "swiss"]
[EventRounds "9"]
[EventCountry "ESP"]
[SourceTitle "EXT 2024"]
[Source "ChessBase"]
[SourceDate "2023.10.10"]
[SourceVersion "1"]
[SourceVersionDate "2023.10.10"]
[SourceQuality "1"]

1. e4 e5 2. Nf3 Nc6 3. Bc4 Be7 4. d4 d6 5. d5 Nb8 6. 0-0 Nf6 7. Nc3 Nbd7 8. Be3 Nf8 9. Nd2 Ng6 10. f4 exf4 11. Bxf4 0-0 12. Bg3 Ng4 13. Qe1 Bd7 14. Nf3 Bf6 15. Qd2 Re8 16. Rae1 N4e5 17. Nxe5 Bxe5 18. Bxe5 Rxe5 19. Bd3 Qe7 20. Ne2 a6 21. Nd4 Re8 22. Qf2 f6 23. h3 Qf7 24. b3 R5e7 25. a3 Ne5 26. Be2 Bc8 27. Qh4 Ng6 28. Qg3 Rxe4 29. Qc3 Qe7 30. Ne6 Bxe6 31. dxe6 Kh8 32. Bd3 Rxe1 33. Rxe1 Ne5 34. Qb4 Qxe6 35. Be4 d5 36. Bd3 Nf3+ 37. gxf3 Qxe1+ 38. Qxe1 Rxe1+ 39. Kf2 Re5 40. Kg3 g5 0-1

[Event "Madrid-ch prel-B"]
[Site "Madrid"]
[Date "2012.02.17"]
[Round "6.2"]
[White "Garcia Salamero, Hector"]
[Black "Ruiz Quevedo, Andres"]
[Result "1-0"]
[WhiteElo "1837"]
[BlackElo "1930"]
[PlyCount "57"]
[EventDate "2012.02.02"]
[EventType "swiss"]
[EventRounds "9"]
[EventCountry "ESP"]
[SourceTitle "EXT 2024"]
[Source "ChessBase"]
[SourceDate "2023.10.10"]
[SourceVersion "1"]
[SourceVersionDate "2023.10.10"]
[SourceQuality "1"]

1. e4 c5 2. Nf3 d6 3. d4 cxd4 4. Nxd4 Nf6 5. Nc3 a6 6. g3 e5 7. Nde2 Be7 8. Bg2 Be6 9. 0-0 Nbd7 10. h3 h5 11. Be3 Rc8 12. Qd2 b5 13. Nd5 Nxd5 14. exd5 Bf5 15. Rac1 Nb6 16. b3 Qc7 17. f4 exf4 18. Bxf4 Bg6 19. Kh2 0-0 20. Nd4 Bf6 21. Nc6 Nd7 22. Rfe1 Rce8 23. c4 Rxe1 24. Rxe1 bxc4 25. bxc4 Nc5 26. Re3 Ra8 27. Qb4 a5 28. Qxc5 dxc5 29. Bxc7 1-0

[Event "Madrid-ch prel-B"]
[Site "Madrid"]
[Date "2012.02.11"]
[Round "5.1"]
[White "Vukotic Jovsic, Dragan"]
[Black "Garcia Salamero, Hector"]
[Result "1-0"]
[WhiteElo "1955"]
[BlackElo "1837"]
[PlyCount "101"]
[EventDate "2012.02.02"]
[EventType "swiss"]
[EventRounds "9"]
[EventCountry "ESP"]
[SourceTitle "EXT 2024"]
[Source "ChessBase"]
[SourceDate "2023.10.10"]
[SourceVersion "1"]
[SourceVersionDate "2023.10.10"]
[SourceQuality "1"]

1. d4 Nf6 2. Bf4 g6 3. Nf3 Bg7 4. e3 d6 5. Be2 Nbd7 6. h3 b6 7. 0-0 Bb7 8. a4 c5 9. c3 0-0 10. a5 Nd5 11. Bg3 N7f6 12. Nbd2 Nc7 13. axb6 axb6 14. Qb3 Nd7 15. dxc5 dxc5 16. Rfd1 Qc8 17. Nc4 b5 18. Na5 c4 19. Qb4 e5 20. Nxb7 Rxa1 21. Rxa1 Qxb7 22. Bxc4 Qc6 23. Bb3 Nd5 24. Qe4 N7f6 25. Bxd5 Nxd5 26. Rd1 Ne7 27. Qxc6 Nxc6 28. Rd5 b4 29. Rc5 e4 30. Ng5 bxc3 31. bxc3 Ne7 32. Nxe4 Nf5 33. Bf4 Re8 34. f3 Nxe3 35. Nd6 Bf8 36. Re5 Rxe5 37. Bxe5 Nf5 38. Nxf5 gxf5 39. Kf2 Be7 40. Ke3 f6 41. Bd4 Kf7 42. Kd3 Ke6 43. Kc4 Bd8 44. Kb5 Kd5 45. Bf2 Kd6 46. c4 Kd7 47. Bb6 Be7 48. c5 Ke6 49. Kc6 Bf8 50. Bc7 Be7 51. Bf4 1-0

[Event "Madrid-ch Previa-A"]
[Site "Madrid"]
[Date "2010.11.24"]
[Round "8"]
[White "Cano Cabanillas, Javier"]
[Black "Garcia Salamero, Hector"]
[Result "0-1"]
[WhiteElo "1918"]
[BlackElo "1815"]
[PlyCount "108"]
[EventDate "2010.11.10"]
[EventType "swiss"]
[EventRounds "9"]
[EventCountry "ESP"]
[SourceTitle "EXT 2012"]
[Source "ChessBase"]
[SourceDate "2011.11.24"]
[SourceVersion "1"]
[SourceVersionDate "2011.11.24"]
[SourceQuality "1"]

1. e4 e5 2. Bc4 Nf6 3. d4 exd4 4. Nf3 Bb4+ 5. c3 dxc3 6. bxc3 Bc5 7. e5 d5 8. exf6 dxc4 9. fxg7 Qxd1+ 10. Kxd1 Rg8 11. Re1+ Be6 12. Bh6 Bxf2 13. Re2 Bc5 14. Ng5 Nd7 15. Nxe6 fxe6 16. Rxe6+ Kf7 17. Re2 Nf6 18. Nd2 b5 19. Kc2 Rae8 20. Rxe8 Rxe8 21. Rf1 Kg6 22. Bf4 c6 23. Be5 Ng4 24. Bf4 Kxg7 25. Rf3 Ne3+ 26. Bxe3 Rxe3 27. Rxe3 Bxe3 28. Nf3 Kf6 29. Kd1 a5 30. Ke2 Bb6 31. Nd2 Ke6 32. Ne4 h6 33. Kd2 b4 34. Kc2 Be3 35. Ng3 c5 36. Nf1 Bg5 37. g3 a4 38. h4 Bf6 39. cxb4 cxb4 40. Nd2 Kd5 41. Nf3 Ke4 42. Nd2+ Kd4 43. Nf3+ Ke3 44. Nd2 b3+ 45. axb3 cxb3+ 46. Nxb3 axb3+ 47. Kxb3 Kf3 48. Kc2 h5 49. Kd2 Kf2 50. Kd3 Kf3 51. Kd2 Kf2 52. Kd3 Kxg3 53. Ke2 Kg2 54. Ke3 Bxh4 0-1

[Event "Madrid-ch Previa-A"]
[Site "Madrid"]
[Date "2010.11.22"]
[Round "6"]
[White "Garcia Salamero, Hector"]
[Black "Pardo Robles, Jose Manuel"]
[Result "1-0"]
[WhiteElo "1815"]
[BlackElo "1871"]
[PlyCount "105"]
[EventDate "2010.11.10"]
[EventType "swiss"]
[EventRounds "9"]
[EventCountry "ESP"]
[SourceTitle "EXT 2012"]
[Source "ChessBase"]
[SourceDate "2011.11.24"]
[SourceVersion "1"]
[SourceVersionDate "2011.11.24"]
[SourceQuality "1"]

1. e4 c5 2. Nf3 d6 3. d4 cxd4 4. Nxd4 Nf6 5. Nc3 e6 6. h3 Nc6 7. Nde2 b5 8. a3 a6 9. g4 Bb7 10. Bg2 Qc7 11. Be3 Be7 12. 0-0 Rd8 13. f4 Nd7 14. Qe1 0-0 15. Qf2 Na5 16. b3 Ba8 17. Ra2 Bf6 18. Nb1 Nc6 19. g5 Be7 20. f5 exf5 21. exf5 Nce5 22. Nbc3 f6 23. Nd5 Bxd5 24. Bxd5+ Rf7 25. Nf4 Nf8 26. Bb6 Qb8 27. Bxd8 Bxd8 28. Kh2 fxg5 29. Nd3 Nfd7 30. Re1 Kf8 31. Nxe5 Nxe5 32. Rxe5 dxe5 33. Bxf7 e4+ 34. Kg2 Kxf7 35. Ra1 Bb6 36. Qe2 e3 37. Rd1 Qe5 38. Qf3 Ke7 39. Qd5 Bc7 40. Qxe5+ Bxe5 41. Kf3 Bf4 42. c4 bxc4 43. bxc4 h5 44. c5 Kf6 45. Rd5 Be5 46. c6 g4+ 47. hxg4 hxg4+ 48. Kxe3 Bc7 49. Rd7 Bb6+ 50. Kf4 g3 51. Kxg3 Kxf5 52. c7 Bxc7+ 53. Rxc7 1-0

[Event "Parla op 25th"]
[Site "Parla"]
[Date "2010.09.07"]
[Round "4"]
[White "Prieto Martin, Alfonso"]
[Black "Garcia Salamero, Hector"]
[Result "1-0"]
[WhiteElo "2170"]
[BlackElo "1760"]
[PlyCount "97"]
[EventDate "2010.09.04"]
[EventType "swiss"]
[EventRounds "9"]
[EventCountry "ESP"]
[SourceTitle "CBM 138 Extra"]
[Source "ChessBase"]
[SourceDate "2010.10.29"]
[SourceVersion "1"]
[SourceVersionDate "2010.10.29"]
[SourceQuality "1"]

1. d4 Nf6 2. c4 g6 3. Nc3 Bg7 4. e4 d6 5. f3 Nc6 6. Be3 e5 7. d5 Ne7 8. Qd2 Nfg8 9. g4 f5 10. gxf5 gxf5 11. Bg5 Nf6 12. 0-0-0 h6 13. Bh4 Ng6 14. Bf2 fxe4 15. Nxe4 Nxe4 16. fxe4 Bg4 17. Be2 Qd7 18. h3 Bxe2 19. Nxe2 0-0-0 20. Rhg1 Rdf8 21. Qe3 Qf7 22. Rdf1 b6 23. Qg3 Bf6 24. h4 Ne7 25. Be3 Kb7 26. Qh3 Qh5 27. Rg4 Bg5 28. Bxg5 Rxf1+ 29. Qxf1 Qxg4 30. Bxe7 Qxe4 31. Nc3 Qe3+ 32. Kc2 Rg8 33. Bxd6 a5 34. Qf7 Rc8 35. Qd7 e4 36. Qc6+ Kb8 37. Ba3 Qd3+ 38. Kb3 e3 39. Qe6 a4+ 40. Kb4 Qd2 41. Kxa4 Qc2+ 42. Kb5 Qd2 43. Ka6 Rh8 44. d6 Qg2 45. dxc7+ Kxc7 46. Nd5+ Qxd5 47. Qxd5 e2 48. Qb7+ Kd8 49. Qe7+ 1-0

[Event "Parla op 25th"]
[Site "Parla"]
[Date "2010.09.04"]
[Round "1"]
[White "Garcia Salamero, Hector"]
[Black "Ortega Ruiz, Jose Miguel"]
[Result "0-1"]
[WhiteElo "1760"]
[BlackElo "2278"]
[PlyCount "80"]
[EventDate "2010.09.04"]
[EventType "swiss"]
[EventRounds "9"]
[EventCountry "ESP"]
[SourceTitle "CBM 138 Extra"]
[Source "ChessBase"]
[SourceDate "2010.10.29"]
[SourceVersion "1"]
[SourceVersionDate "2010.10.29"]
[SourceQuality "1"]

1. e4 d5 2. exd5 Qxd5 3. Nc3 Qa5 4. d4 Nf6 5. Bd2 Qb6 6. Nf3 Bg4 7. Be2 Nbd7 8. 0-0 e6 9. Re1 c6 10. Ne5 Bf5 11. Nxd7 Nxd7 12. d5 cxd5 13. Bf4 Bc5 14. Bg3 0-0 15. Na4 Qc6 16. Nxc5 Nxc5 17. c3 Qb6 18. Qd4 Rfc8 19. Qb4 Qxb4 20. cxb4 Ne4 21. Bf4 Rc2 22. f3 Nf6 23. Be5 Rcc8 24. Bb5 a6 25. Ba4 b5 26. Bb3 Bc2 27. Bxc2 Rxc2 28. Bc3 Nd7 29. Kf1 Nb6 30. Re2 Rxe2 31. Kxe2 e5 32. Kd3 f6 33. b3 Kf7 34. Bd2 Ke6 35. Re1 Rc8 36. h3 f5 37. g4 e4+ 38. Kd4 g6 39. gxf5+ gxf5 40. fxe4 dxe4 0-1

[Event "Tres Cantos op 1st"]
[Site "Tres Cantos"]
[Date "2009.06.12"]
[Round "7"]
[White "Garcia Salamero, Hector"]
[Black "Tolosana Esteban, Enrique"]
[Result "1-0"]
[WhiteElo "1650"]
[BlackElo "1888"]
[PlyCount "85"]
[EventDate "2009.06.06"]
[EventType "swiss"]
[EventRounds "9"]
[EventCountry "ESP"]
[SourceTitle "EXT 2010"]
[Source "ChessBase"]
[SourceDate "2010.11.25"]
[SourceVersion "1"]
[SourceVersionDate "2010.11.25"]
[SourceQuality "1"]

1. e4 c5 2. Nc3 Nc6 3. g3 g6 4. Bg2 Bg7 5. d3 e6 6. Be3 d6 7. Qd2 Qa5 8. Nge2 h6 9. f4 Nge7 10. 0-0 Nd4 11. Rfe1 Bd7 12. Rac1 Bc6 13. a3 Nxe2+ 14. Rxe2 Bxc3 15. Qxc3 Qxc3 16. bxc3 Rc8 17. d4 c4 18. d5 exd5 19. exd5 Bxd5 20. Bxd5 Nxd5 21. Bd4+ Kd7 22. Bxh8 Rxh8 23. Rce1 Kc6 24. f5 g5 25. Kf2 Nxc3 26. Re8 Rh7 27. R1e7 Nd5 28. Rc8+ Kb6 29. Rd7 Nc3 30. Rxc4 Nb5 31. a4 Na3 32. Rxd6+ Ka5 33. Rd5+ Kb6 34. Rc3 Nb1 35. Rb5+ Ka6 36. Rxb1 f6 37. Re3 Rc7 38. Re6+ b6 39. Rb2 Rf7 40. c4 Ka5 41. c5 bxc5 42. Rc6 Kxa4 43. Ra6# 1-0

[Event "Madrid-ch U18 0809"]
[Site "Madrid"]
[Date "2008.12.29"]
[Round "4"]
[White "Garcia Salamero, Hector"]
[Black "Martin Duque, Jesus"]
[Result "0-1"]
[WhiteElo "1638"]
[BlackElo "1696"]
[PlyCount "96"]
[EventDate "2008.12.26"]
[EventType "swiss"]
[EventRounds "9"]
[EventCountry "ESP"]
[SourceTitle "CBM 128 Extra"]
[Source "ChessBase"]
[SourceDate "2009.03.05"]
[SourceVersion "2"]
[SourceVersionDate "2009.03.25"]
[SourceQuality "1"]

1. e4 e6 2. d3 d5 3. Nd2 Nf6 4. Ngf3 c5 5. g3 Nc6 6. Bg2 Be7 7. 0-0 b6 8. Re1 Bb7 9. e5 Nd7 10. Nf1 Qc7 11. Bf4 h6 12. h4 0-0-0 13. Qe2 Rdg8 14. h5 g5 15. Bd2 g4 16. N3h2 Ndxe5 17. Bc3 d4 18. Bd2 Bd6 19. Bf4 Nf3+ 20. Nxf3 gxf3 21. Qxf3 Bxf4 22. Qxf4 Qxf4 23. gxf4 Nb4 24. Ng3 Bxg2 25. Kxg2 Nxc2 26. Kf3 Nxa1 27. Rxa1 Kd7 28. Re1 f5 29. Re5 Rg4 30. Ne4 Rh4 31. Kg3 Rh1 32. Nf6+ Ke7 33. Nd5+ Kf7 34. Nc7 Rxh5 35. Nxe6 Re8 36. Nc7 Rxe5 37. fxe5 Rh1 38. Kf4 Rf1 39. e6+ Ke7 40. Ke5 Re1+ 41. Kxf5 c4 42. Nd5+ Kd6 43. dxc4 Rxe6 44. Nf4 Re5+ 45. Kg4 Re4 46. Kf3 Rxf4+ 47. Kxf4 h5 48. Ke4 h4 0-1

[Event "ESP-ch U16"]
[Site "Padron"]
[Date "2008.07.22"]
[Round "5"]
[White "Garcia Salamero, Hector"]
[Black "Martinez Vecillas, Javier"]
[Result "0-1"]
[WhiteElo "1638"]
[BlackElo "1851"]
[PlyCount "82"]
[EventDate "2008.07.20"]
[EventType "swiss"]
[EventRounds "9"]
[EventCountry "ESP"]
[SourceTitle "EXT 2010"]
[Source "ChessBase"]
[SourceDate "2010.11.25"]
[SourceVersion "1"]
[SourceVersionDate "2010.11.25"]
[SourceQuality "1"]

1. e4 e6 2. d3 Nc6 3. Nf3 d5 4. Nbd2 dxe4 5. dxe4 Bc5 6. Bd3 e5 7. 0-0 Be6 8. a3 Nge7 9. b4 Bb6 10. Bb2 f6 11. Qe2 Ng6 12. Bc4 Bg4 13. Rfd1 Nd4 14. Bxd4 Bxd4 15. Rab1 Qe7 16. h3 Nf4 17. Qf1 Bh5 18. Nxd4 Bxd1 19. Nf5 Qd7 20. Rxd1 0-0-0 21. g3 Ne6 22. Bxe6 Qxe6 23. Nb3 g6 24. Nc5 Qf7 25. Ne3 f5 26. exf5 gxf5 27. Rxd8+ Rxd8 28. Qb5 c6 29. Qe2 h5 30. Nc4 f4 31. Nxe5 Qa2 32. Qxh5 fxg3 33. Qg4+ Kb8 34. Qxg3 Ka8 35. Kh2 Qxc2 36. Ned7 b6 37. Na6 Qe2 38. Nc7+ Kb7 39. a4 Rxd7 40. a5 Rxc7 41. a6+ Qxa6 0-1